000 00764nam a22002417a 4500
001 3585
003 FISKH
005 20240321145507.0
008 240321b cb ||||| |||| 00| 0 eng d
040 _aFISK
_beng
_cFISK
_dFISK
050 _aPS3523.O46
082 _a813.52
100 _aLondon Jack
_d1876-1916
245 _aThe call of the wild /
_cJack London
260 _aNew York :
_bScholastic,
_c2012
300 _a172 pages :
_c18 cm
505 _aX
520 _aThe adventures of an unusual dog, part St. Bernard, part Scotch shepherd, that is forcibly taken to the Klondike gold fields where he eventually becomes the leader of a wolf pack.
521 8 _a1080
_bLexile
700 _aJack London
942 _2ddc
_cBK
_n0
999 _c3585
_d3585